Русские переводы названий видеоигр и серий - Statistics

General Stats
  • This quiz has been taken 10 times
  • The average score is 4 of 15
Answer Stats
Русский перевод Оригинальное название % Correct
Кровь Blood
70%
Жизнь - странная штука Life Is Strange
60%
Зов долга Call of Duty
50%
Период полураспада Half-Life
50%
Безмолвный холм Silent Hill
50%
Убийца мёртв Killer Is Dead
20%
Древние свитки The Elder Scrolls
20%
Эпоха империй Age of Empires
10%
Поле битвы Battlefield
10%
Механизмы войны Gears of War
10%
Путь изгнания Path of Exile
10%
Тряска Quake
10%
Предчувствие смерти Deadly Premonition
0%
Правое дело Just Cause
0%
Отче наш: Освобождение Kingdom Come: Deliverance
0%
No matching quizzes found
Score Distribution
Percent of People with Each Score
Percentile by Number Answered
Your Score History
You have not taken this quiz